Statistics for Guadeloupe Trivia

Click here to take the quiz!

General Stats

  • This quiz has been taken 578 times
  • The average score is 10 of 20

Answer Stats

HintAnswer% Correct
Sea in which Guadeloupe is locatedCaribbean Sea
98%
Archipelago Guadeloupe is part ofLesser {Antilles}
97%
The above named Guadeloupe after a city in this countrySpain
85%
Navigator who landed in Guadeloupe in 1493Christopher Columbus
84%
Country that invaded Guadeloupe 5 times between 1759–1815United Kingdom
75%
Country located south of GuadeloupeDominica
74%
Christine Arron is world's sixth-_______ female 100 metres sprinter of all timeFastest
69%
Capital of Guadeloupe, also the name of the western-half of Guadeloupe proper{Bass}e-Terre
67%
Country you would reach if you sail northward from the aboveAntigua and Barbuda
65%
Portion of that archipelago Guadeloupe is part of{Lee}ward Islands
63%
Prize the Guadeloupe-native poet Saint-John Perse won in 1960Nobel Prize in Literature
54%
The only French overseas territory that is more populous than GuadeloupeRéunion
50%
Islands that gained autonomy from Guadeloupe as a region in a 2003 referendumSaint Martin
34%
City in the above that is Guadeloupe's most populous one{Point}e-à-Pitre
28%
Country that controlled Guadeloupe in 1813 for one yearSweden
26%
Islands that gained autonomy from Guadeloupe as a region in a 2003 referendumSaint Barthélemy
25%
Island that is the eastern-half of Guadeloupe proper{Grand}e-Terre
23%
Most populous commune of GuadeloupeLes {Abymes}
13%
Guadeloupean who is the first known classical composer of African ancestryChevalier de
Saint-{George}s
9%
Chartered company that brought the first French settlers to the island in 1635Company of the
{American} Islands
7%

Score Distribution

Percentile by Number Answered

Percent of People with Each Score

Your Score History

You have not taken this quiz